00301nam a2200097Ia 45000010005000000080041000050820020000461000063000662450050001292600024001792747241024s9999 xx 000 0 und d aRD/370.71/R426d aRepública Dominicana. Ministerio de Educación/INAFOCAM 0aDiplomado Educación Artistica para Docentes bSanto Domingoc2012